Countryballs of Europe - Picture Quiz - Statistics

General Stats
  • This quiz has been taken 29 times
    28 since last reset
  • The average score is 43 of 45
Answer Stats
Picture Answer % Correct
Albania
100%
Belgium
100%
Croatia
100%
Czech Republic
100%
Estonia
100%
Finland
100%
France
100%
Germany
100%
Greece
100%
Iceland
100%
Ireland
100%
Italy
100%
Netherlands
100%
North Macedonia
100%
Norway
100%
Poland
100%
Portugal
100%
Russia
100%
Spain
100%
Sweden
100%
Switzerland
100%
Ukraine
100%
United Kingdom
100%
Austria
96%
Bosnia and Herzegovina
96%
Denmark
96%
Kosovo
96%
Luxembourg
96%
Romania
96%
San Marino
96%
Serbia
96%
Slovakia
96%
Vatican City
96%
Belarus
93%
Bulgaria
93%
Hungary
93%
Latvia
93%
Liechtenstein
89%
Lithuania
89%
Malta
89%
Monaco
89%
Andorra
85%
Moldova
81%
Montenegro
81%
Slovenia
81%
No matching quizzes found
Score Distribution
Percent of People with Each Score
Percentile by Number Answered
Your Score History
You have not taken this quiz since the last reset